000 00945nam a22002417a 4500
999 _c2722
_d2722
003 AR-CdUCM
008 190305b ||||| |||| 00| 0 spa d
040 _aMUNICIPALIDAD PROVINCIAL DEL CUSCO
_cBIBLIOTECA MUNICIPAL DEL CUSCO
082 _a340.92 /
_bC94
100 _aBarandiaran, Jose Leon
_99531
245 _aLibro homenaje a Romulo E.Lanatta Guillen /
260 _aLima :
_bEdit. Venus,
_c1986.
300 _a533 paginas ;
_c23 cm.
505 _aContenido :Apuntes biográficos de Romulo E.Lanatta Guillen --Aportaciones en el código civil --El pensamiento filosófico de Luis Recansens Siches --La interpretación del contrato en el código civil de 1984 ...
650 _aBiografia
_9437
650 _aDoctrina
_91208
650 _aDerecho civil
_97386
700 _aFernando Vidal Ramirez
_99532
700 _aJose Antonio Silva Vallejo
_99533
700 _aAugusto Ferrero Costa
_99534
942 _2ddc
_cLIBROS
945 _arjall